Willi Baumeister / (Record no. 134113)

MARC details
000 -LEADER
campo de control de longitud fija 00680nam a22001931i 4500
001 - NÚMERO DE CONTROL
campo de control 134113
003 - IDENTIFICADOR DE NÚMERO DE CONTROL
campo de control ES-MaACL
005 - FECHA Y HORA DE LA ÚLTIMA TRANSACCIÓN
campo de control 20230906194613.0
007 - CAMPO FIJO DE DESCRIPCIÓN FÍSICA--INFORMACIÓN GENERAL
campo de control de longitud fija t|
008 - DATOS DE LONGITUD FIJA--INFORMACIÓN GENERAL
campo de control de longitud fija 070905s1934 sp ||||0| spa d
080 ## - NÚMERO DE LA CLASIFICACIÓN DECIMAL UNIVERSAL
Número de la Clasificación Decimal Universal 75 Baumeister, Willi
100 1# - ENTRADA PRINCIPAL--NOMBRE DE PERSONA
Nombre de persona Westerdahl, Eduardo.
9 (RLIN) 116557
245 10 - MENCIÓN DEL TÍTULO
Título Willi Baumeister /
Mención de responsabilidad, etc. por Eduardo Westerdahl ; con un prólogo y un retrato del profesor Willi Baumeister y 26 reproducciones de sus obras.
260 ## - PUBLICACIÓN, DISTRIBUCIÓN, ETC.
Lugar de publicación, distribución, etc. Isla de Tenerife, Canarias :
Nombre del editor, distribuidor, etc. Gaceta de Arte,
Fecha de publicación, distribución, etc. 1934.
300 ## - DESCRIPCIÓN FÍSICA
Extensión 39 p., [16] p. de lám. :
Otras características físicas il. ;
Dimensiones 21 cm.
600 14 - PUNTO DE ACCESO ADICIONAL DE MATERIA--NOMBRE DE PERSONA
Nombre de persona Baumeister, Willi.
9 (RLIN) 26588
700 1# - ENTRADA AGREGADA--NOMBRE PERSONAL
Nombre de persona Baumeister, Willi.
9 (RLIN) 26588
852 ## - LOCALIZACIÓN
Ubicación ES-MaACL
Número de control de estantería 1798-F-5
Holdings
Estatus retirado Estado de pérdida Estado de daño No para préstamo Colección Biblioteca de origen Biblioteca actual Ubicación en estantería Fecha de adquisición Fuente de adquisición Total de préstamos Signatura topográfica completa Código de barras Visto por última vez Precio de reemplazo Tipo de ítem Koha
        Colección de folletos Biblioteca del Ateneo de Madrid Biblioteca del Ateneo de Madrid Depósito folletos 17/01/2008     1798-F-5 1139605 23/02/2023 23/02/2023 Folleto